LEADER 00892nam a2200193 i 4500 001 000000104602 003 CaOOAMICUS 005 20011203000000.0 008 011203s1959 it u000 u lat u 013 $a76791 040 $aSeMil$bita 245 13$aLa Beatitudine - Gli atti umani :$b(I-II, q. 1- 21) /$c[introduzione del p. Alberto M. Boccanegra ; traduzione e note del p. Tito S. Centi]. 300 $a471 p. 700 1 $aCenti, Tito Sante,$c.$0(OLS)http://semarc/name/481 700 0 $aTommaso : d'Aquino,$c.$0(OLS)http://semarc/name/423 773 0 $aTommaso : d'Aquino $tSomma teologica.$dFirenze : Salani, 1949-1975.$g8$w()1216 850 $aSeMil 852 $aSeMil$W1$xVenegono$y1$mSL1.V IV 8$j60911$B60911$CSeMilBibl$Z2$F45332 $8I 996 $6245$aLa Beatitudine - Gli atti umani :$b(I-II, q. 1- 21)$9(OLS)http://semarc/title/151552 LEADER 00769nam a2200193 i 4500 001 000000228582 003 CaOOAMICUS 005 20140403000000.0 008 140403s1824 it u000 u ita u 013 $a207484 026 $ai-,e ilmo e.to didi (7) 1824 (A) 040 $aSeMil$bita 245 10$aVol. 19. 300 $a380, [4] p., [1] carta di tav. 773 0 $aOrsi, Giuseppe Agostino $tStoria ecclesiastica del cardinale Giuseppe Agostino Orsi accademico della Crusca.$dVenezia : Presso Giuseppe Battaggia : co' tipi di G. Picotti, 1822-1826.$g19$w()29661 850 $aSeMil 852 $aSeMil$W1$xVenegono$y1$m3A I 104 FA$j178928$B178928$CSeMilBibl$Z2$F189962 $8I 961 $aRecupero: Altro 996 $6245$aVol. 19$9(OLS)http://semarc/title/298826